00422 a2200169 450000100060000002000140000604000220002010000190004224000180006124500130007930000080009236200090010065000100010994200070011995201090012699900170023562816 a888595736 cAnchieta - Pituba aCesati, Franco10aI Medicilpor10aI Medici a1430 a1999 4aArtes cBK 00104070a91.1b91.1d2023-11-21l0o700 C421i CES MEDp16030/PITr2023-11-21 18:31:25w2023-11-21yBK c62816d62816